Animal Description Quiz Stats

 Plays Quiz not verified by Sporcle

Challenge
Share
Tweet
Embed
Score 0/5 Timer 00:30
0 Plays Today
Hint Answer % Correct
SlowSloth
72.2%
Long TongueChameleon
68.5%
Sometimes StrayCat
64.8%
Webbed Back FeetBeaver
55.6%
OrangeOrangutan
44.4%

You're not logged in!

Compare scores with friends on all Sporcle quizzes.
Join for Free
OR
Log In

You Might Also Like...

Show Comments

Extras

Created Mar 25, 2015ReportNominate
Tags:Animal Quiz, description

Top Quizzes Today


Score Distribution

Your Account Isn't Verified!

In order to create a playlist on Sporcle, you need to verify the email address you used during registration. Go to your Sporcle Settings to finish the process.

Report this User

Report this user for behavior that violates our Community Guidelines.

Details: